000 00281nam a22001337a 4500
008 170715b xxu||||| |||| 00| 0 eng d
020 _a2900130979550
041 _aeng
080 _a572
100 _a24
101 _aANT
245 _aANTHROPOLOGY
_cEMBER,C.R
942 _2udc
_cBK
999 _c21223
_d21223